Strategy and Structure Chapters in the History of the Industrial Enterprise
Salvato in:
| Autore principale: | |
|---|---|
| Natura: | Libro |
| Lingua: | inglese |
| Pubblicazione: |
Cambridge
M.I.T. Press
1987
|
| Edizione: | 15. ed. |
| Soggetti: | |
| Tags: |
Nessun Tag, puoi essere il primo ad aggiungerne!!
|
MARC
| LEADER | 00000nam a2200000 4500 | ||
|---|---|---|---|
| 001 | c003713 | ||
| 005 | 20221219121222.9 | ||
| 020 | |a 0-262-53009-0 | ||
| 041 | 0 | |a eng | |
| 044 | |a US | ||
| 245 | 1 | 0 | |a Strategy and Structure |b Chapters in the History of the Industrial Enterprise |c Alfred D. Chandler |
| 250 | |a 15. ed. | ||
| 264 | 1 | |a Cambridge |b M.I.T. Press |c 1987 | |
| 300 | |a 463 s. | ||
| 610 | 2 | 0 | |a podnik priemyselný |
| 610 | 2 | 0 | |a stratégia podniková |
| 610 | 2 | 0 | |a štruktúra podniku organizačná |
| 610 | 2 | 0 | |a história |
| 610 | 2 | 0 | |a diverzifikácia |
| 610 | 2 | 0 | |a inovácia |
| 100 | 1 | |a Chandler, Alfred D. | |